书目信息 |
| 题名: |
反说胡雪岩
|
|
| 作者: | 史浩 解译 | |
| 分册: | ||
| 出版信息: | 北京 中国华侨出版社 2004.7 |
|
| 页数: | 302页 | |
| 开本: | 21cm | |
| 丛书名: | 中华传统智慧活学活用丛书 | |
| 单 册: | ||
| 中图分类: | K825.3 | |
| 科图分类: | ||
| 主题词: | ||
| 电子资源: | ||
| ISBN: | 7-80120-833-1 | |
| 000 | 00716nam2 2200241 45 | |
| 001 | 012004000000 | |
| 005 | 20041026091005.22 | |
| 010 | @a7-80120-833-1@dCNY 30.00 | |
| 100 | @a20040913d2004 em y0chiy0121 ea | |
| 101 | 1 | @achi |
| 102 | @aCN@b110000 | |
| 105 | @aa z 000yd | |
| 200 | 1 | @a反说胡雪岩@Afan shuo hu xue yan@e告诉你一个真实的胡雪岩@f史浩解译 |
| 210 | @a北京@c中国华侨出版社@d2004.7 | |
| 215 | @a302页@c图@d21cm | |
| 225 | 2 | @a中华传统智慧活学活用丛书@f史浩主编 |
| 410 | 0 | @12001 @a中华传统智慧活学活用丛书 |
| 517 | 1 | @a告诉你一个真实的胡雪岩 |
| 600 | 0 | @a胡雪岩@x人物研究 |
| 690 | @aK825.3@v4 | |
| 701 | 0 | @a史浩@Ashi hao@4解译 |
| 801 | 0 | @aCN@bQSSKm@c20041026 |
| 905 | @a10447@dK825.3@eS575 | |
| 反说胡雪岩:告诉你一个真实的胡雪岩/史浩解译.-北京:中国华侨出版社,2004.7 |
| 302页:图;21cm.-(中华传统智慧活学活用丛书/史浩主编) |
| ISBN 7-80120-833-1:CNY 30.00 |
| ● |
| 相关链接 |
|
|
|
正题名:反说胡雪岩
索取号:K825.3/S575
 
预约/预借
| 序号 | 登录号 | 条形码 | 馆藏地/架位号 | 状态 | 备注 |
| 1 | 422704 | 204227041 | 社科库309/ [索取号:K825.3/S575] | 在馆 |